<?xml version="1.0" encoding="UTF-8"?><?xml-stylesheet type="text/xsl" href="static/style.xsl"?><OAI-PMH xmlns="http://www.openarchives.org/OAI/2.0/" xmlns:xsi="http://www.w3.org/2001/XMLSchema-instance" xsi:schemaLocation="http://www.openarchives.org/OAI/2.0/ http://www.openarchives.org/OAI/2.0/OAI-PMH.xsd"><responseDate>2026-06-02T03:53:18Z</responseDate><request verb="GetRecord" identifier="oai:riuma.uma.es:10630/14643" metadataPrefix="marc">https://riuma.uma.es/rest/oai/request</request><GetRecord><record><header><identifier>oai:riuma.uma.es:10630/14643</identifier><datestamp>2026-02-03T11:55:59Z</datestamp><setSpec>com_10630_2254</setSpec><setSpec>col_10630_37959</setSpec></header><metadata><record xmlns="http://www.loc.gov/MARC21/slim" xmlns:dcterms="http://purl.org/dc/terms/" xmlns:doc="http://www.lyncode.com/xoai" xmlns:xsi="http://www.w3.org/2001/XMLSchema-instance" xsi:schemaLocation="http://www.loc.gov/MARC21/slim http://www.loc.gov/standards/marcxml/schema/MARC21slim.xsd">
   <leader>00925njm 22002777a 4500</leader>
   <datafield ind2=" " ind1=" " tag="042">
      <subfield code="a">dc</subfield>
   </datafield>
   <datafield ind2=" " ind1=" " tag="720">
      <subfield code="a">García-Mayor, Silvia</subfield>
      <subfield code="e">author</subfield>
   </datafield>
   <datafield ind2=" " ind1=" " tag="720">
      <subfield code="a">Román-Cereto, Montserrat</subfield>
      <subfield code="e">author</subfield>
   </datafield>
   <datafield ind2=" " ind1=" " tag="720">
      <subfield code="a">Morales-Asencio, José Miguel</subfield>
      <subfield code="e">author</subfield>
   </datafield>
   <datafield ind2=" " ind1=" " tag="720">
      <subfield code="a">Kaknani-Uttumchandani, Shakira</subfield>
      <subfield code="e">author</subfield>
   </datafield>
   <datafield ind2=" " ind1=" " tag="720">
      <subfield code="a">Ruiz-García, María Luisa</subfield>
      <subfield code="e">author</subfield>
   </datafield>
   <datafield ind2=" " ind1=" " tag="260">
      <subfield code="c">2017-10-16</subfield>
   </datafield>
   <datafield ind2=" " ind1=" " tag="520">
      <subfield code="a">Introducción: Tanner lo describe el juicio clínico como la interpretación acerca de las necesidades del paciente, a fin de tomar decisiones. Experiencia, habilidades y conocimiento son esenciales para emitir juicios clínicos adecuados.&#xd;
Objetivos: Desarrollar la adaptación transcultural y validación de Rúbrica de Juicio Clínico de Lasater (RJCL) en la docencia de Grado de Enfermería y su implementación en el contexto educativo español. 1. Obtener una versión adaptada culturalmente al contexto educativo 2. Analizar la fiabilidad y validez de constructo en nuestro contexto. 3. Analizar posibles diferencias en las dimensiones medidas por RJCL en función distintos escenarios de simulación y de características de los estudiantes&#xd;
Metodología: Estudio prospectivo observacional de validación psicométrica de la RJCL. Participantes estudiantes de 4º de Grado en Enfermería.Proceso de traducción y retrotraducción: Se han seguido las recomendaciones de ISPOR (International Society for Pharmacoeconomics and Outcomes Research) y PROMIS (Patient-Reported Outcomes Measurement Information System). La recogida de muestra se realizó durante la evaluación de competencias objetivas estructuradas en la Facultad de Ciencias de la Salud de la Universidad de Málaga.&#xd;
Resultados: La versión adaptada fue evaluada sobre 76 alumnos/as (N=76), con dos observaciones en escenarios distintos, con evaluadores independientes para cada simulación (Número de observaciones= 152). El 70,9% de los alumnos fueron mujeres, edad media 23,91 (DE: 3,77).La fiabilidad interobservador, coeficiente de correlación intraclase, arrojó un valor de 0,93 (IC 95%: 0,92 a 0,95) (p=0,0001) para la puntuación total. Consistencia interna: El alpha de Cronbach obtenido fue de 0,93. Las correlaciones inter-items fueron de 0,570 de media (rango: 0,312 a 0,849). El índice de homogeneidad de la escala ofreció valores por encima de 0.5.Análisis factorial exploratorio: Mediante extracción del eje principal y rotación oblimin aportó 2 factores que explicaban un 72.86% de la varianza. La matriz de correlaciones entre ambos factores ofreció un r=0.536. Análisis factorial confirmatorio: El ajuste del modelo fue satisfactorio en todos los índices, con un valor &amp;#61539;2/gl de 1.08, GFI de 0.96, TLI 0.99, NFI 0.97 y un RMSEA de 0.24 IC90%(0.000 a 0.066).&#xd;
Conclusiones: 1. Se ha obtenido una versión adaptada culturalmente al contexto educativo español de la RJCL. 2. No se detectan diferencias en los escenarios de simulación y características de los estudiantes. 3. La RJCL traducida al español es un instrumento válido y fiable para la medición del juicio clínico de estudiantes de grado de enfermería. 4. En adelante sería recomendable realizar estudios prospectivos que permitan evaluar la sensibilidad al cambio, la trasferencia y el coste-beneficio de distintos diseños de simulación.</subfield>
   </datafield>
   <datafield ind1="8" ind2=" " tag="024">
      <subfield code="a">http://hdl.handle.net/10630/14643</subfield>
   </datafield>
   <datafield ind1="8" ind2=" " tag="024">
      <subfield code="a">http://orcid.org/orcid.org/0000-0002-3913-3850</subfield>
   </datafield>
   <datafield tag="653" ind2=" " ind1=" ">
      <subfield code="a">Personal sanitario</subfield>
   </datafield>
   <datafield ind2="0" ind1="0" tag="245">
      <subfield code="a">Adaptación transcultural y validación de la Rúbrica de Juicio Clínico de Lasater (RJCL ) en la docencia de Grado de Enfermería en el contexto educativo español.</subfield>
   </datafield>
</record>
</metadata></record></GetRecord></OAI-PMH>